[Event "Corbins Lleida Nadal op"]
[Site "Corbins"]
[Date "2023.12.30"]
[Round "8"]
[White "Rodon Balcells, Jaume"]
[Black "Gonzalez Sorolla, Abel"]
[Result "0-1"]
[WhiteElo "1759"]
[BlackElo "1553"]
[PlyCount "110"]
[EventDate "2023.12.27"]
[EventType "swiss"]
[EventRounds "8"]
[EventCountry "ESP"]
[SourceTitle "CB02_2024"]
[SourceDate "2024.01.10"]
[SourceVersion "1"]
[SourceVersionDate "2024.01.10"]
[SourceQuality "1"]

1. e4 c5 2. c3 d5 3. exd5 Qxd5 4. d4 cxd4 5. cxd4 Nf6 6. Nc3 Qd8 7. Nf3 Bg4 8. Bc4 e6 9. 0-0 Be7 10. h3 Bh5 11. g4 Bg6 12. Ne5 Nbd7 13. Bb5 a6 14. Bxd7+ Nxd7 15. Bf4 Nxe5 16. dxe5 Qc7 17. Qf3 0-0 18. Rac1 Qb6 19. b3 Rfd8 20. Ne4 Bxe4 21. Qxe4 Rd5 22. Rfd1 Rxd1+ 23. Rxd1 Qc7 24. Rc1 Qd7 25. Qc4 h6 26. Be3 Ba3 27. Rc2 Rd8 28. Rd2 Qe7 29. Rxd8+ Qxd8 30. Qd4 Qc7 31. Qa4 Bb2 32. f4 Qc3 33. Kf2 Qc2+ 34. Kg3 Qd3 35. Kf3 Qf1+ 36. Kg3 Qe2 37. Bf2 g5 38. fxg5 Bxe5+ 39. Kg2 hxg5 40. a3 Bc3 41. Qd7 Be1 42. Qd8+ Kh7 43. Qf6 Qxf2+ 44. Qxf2 Bxf2 45. Kxf2 Kg6 46. Ke3 Kf6 47. Ke4 Ke7 48. Ke5 f6+ 49. Ke4 Kd6 50. Kd4 b5 51. b4 f5 52. Ke3 Kd5 53. Kf3 Ke5 54. h4 fxg4+ 55. Kxg4 gxh4 0-1